O vybraných teoretických aspektoch chápania nevojenskej bezpečnosti

Objasnenie základných čŕt interdisciplinárneho problému nevojenskej bezpečnosti. Sociologické aspekty pohľadu na makrosociálny fenomén bezpečnosti v súčasnom svete v kontexte teórie medzinárodných vzťahov. Rozširovanie pohľadu na bezpečnosť o nevojenské aspekty. Nový pohľad na bezpečnosť. Základ vym...

Full description

Saved in:
Bibliographic Details
Main Author: Škvrnda, František
Format: Book Chapter
Language:Slovak
Subjects:
Tags: Add Tag
No Tags, Be the first to tag this record!

MARC

LEADER 00000naa$a2200000$$$4500
001 0076211
005 20240502071906.7
041 0 |a slo 
044 |a SK 
245 1 0 |a O vybraných teoretických aspektoch chápania nevojenskej bezpečnosti  |c František Škvrnda 
520 |a Objasnenie základných čŕt interdisciplinárneho problému nevojenskej bezpečnosti. Sociologické aspekty pohľadu na makrosociálny fenomén bezpečnosti v súčasnom svete v kontexte teórie medzinárodných vzťahov. Rozširovanie pohľadu na bezpečnosť o nevojenské aspekty. Nový pohľad na bezpečnosť. Základ vymedzenia a charakteristiky nevojenskej bezpečnosti a ich súvislosti. Sociologické chápanie bezpečnosti a jeho aplikácia pri skúmaní jej nevojenských aspektov. Skúmanie bezpečnostných otázok v sociológii medzinárodných vzťahov, vojenskej sociológii a sociálnej patológii (teórii sociálnych deviácií). Formovanie sociológie bezpečnosti. Náčrt klasifikácie nevojenských bezpečnostných hrozieb. Štyri základné skupiny nevojenských bezpečnostných hrozieb. Zmiešané bezpečnostné hrozby. 
610 2 0 |a bezpečnosť 
610 2 0 |a sociológia 
610 2 0 |a politika medzinárodná 
610 2 0 |a terminológia 
610 2 0 |a vzťahy spoločenské 
610 2 0 |a konflikty medzinárodné 
610 2 0 |a politika bezpečnostná 
100 1 |a Škvrnda, František